| 000 | 00501nam a2200157 i 4500 | ||
|---|---|---|---|
| 001 | 83365 | ||
| 003 | ES-MaACL | ||
| 005 | 20230906174821.0 | ||
| 007 | t| | ||
| 008 | 041116s1967 sp ||||1| spa d | ||
| 245 | 0 | 0 |
_aEstadística de protestos de letras de cambio _b: años 1965 y 1966 / _cInstituto Nacional de Estadística. |
| 260 |
_aMadrid : _b[s.n., _c1967] |
||
| 300 |
_a121 p. ; _c27 cm. |
||
| 710 | 2 |
_aInstituto Nacional de Estadística (España) _95162 |
|
| 852 |
_aES-MaACL _jC-36416 _bR.64745 |
||
| 999 |
_c83365 _d83365 |
||